01260nam a2200253Ia 4500001000600000003000900006008004100015040001300056040001300069041001300082100001900095100002900114245005300143245005300196250001100249260001400260260002100274300004100295500056300336650002600899650003100925700002200956700002800978 9612IT-RoPAU130308s9999 xx 000 0 und d aIT-RoPAU cIT-RoPAU aITALIANO aBianco Damiano gCodice Aut. SPICS: 9184 aMass media (I)-Stampa, cinema, radio, tv, dischi bMass Media (I)-Stampa, Cinema, Radio, Tv, Dischi a1a ed. aALBANO L. bEdizioni Paoline a"46 p. (prefazione: no ; testo: 46)" aComunicazione di Massa Nuovi Linguaggi Informazione Agenzie d'informazione e gruppi di pressione sondaggi di Opinione Libertà di Fronte Ai Mass Media Cenno Storico dei Mass Media mezzo Statico la Stampa Linguaggio del giornale Trasmissione Radio Linguaggio della Radio Cinema e Mondo dell'Immaginelinguaggio del Film Televisione e suo Linguaggio Servizio tv Mondo Presentato Dai Media Come Rimanere Liberi Dalla pressione dei mezzi Stampaforum cineforum teleforum Discoforum Chiesa e Mass Media Iniziative cattoliche in Italia Situazione Italiana dei Media aDIDATTICA AUDIOVISIVA eCodice materia Spics: 4002 aIannuzzi Vincenzo gCodice Aut. SPICS: 5358